[Event "FRA-ch High Schools"]
[Site "Asnieres sur Seine"]
[Date "2018.05.05"]
[Round "2.4"]
[White "Ohayon, Benjamin"]
[Black "Eden, James"]
[Result "0-1"]
[WhiteElo "1840"]
[BlackElo "2183"]
[PlyCount "80"]
[EventDate "2018.05.12"]
[EventType "swiss (rapid)"]
[EventRounds "17"]
[EventCountry "FRA"]
[SourceTitle "EXT 2019"]
[Source "ChessBase"]
[SourceDate "2018.10.10"]
[SourceVersion "1"]
[SourceVersionDate "2018.10.10"]
[SourceQuality "1"]

1. e4 e5 2. Nf3 Nc6 3. Bb5 Nf6 4. Qe2 d6 5. 0-0 g6 6. d3 Bg7 7. Bg5 0-0 8. c3 Bd7 9. Re1 Qe8 10. Nbd2 Nh5 11. Bxc6 Bxc6 12. d4 f6 13. Bh4 Nf4 14. Qc4+ Kh8 15. d5 Bd7 16. Qxc7 Qe7 17. Nc4 b5 18. Nxd6 Rfd8 19. Nxe5 Kg8 20. Nef7 Rf8 21. e5 Nxd5 22. Qc5 Be6 23. exf6 Bxf6 24. Qxd5 Bxd5 25. Rxe7 Bxh4 26. Nh6+ Kh8 27. Re5 Bxf2+ 28. Kh1 Bc6 29. Rf1 Kg7 30. Ng4 Bh4 31. Rd1 Rad8 32. Rc5 Rxd6 33. Rg1 h5 34. Ne5 Be8 35. Rc7+ Kh6 36. Nf3 Bf2 37. Rb1 Bb6 38. Re7 Bc6 39. Rbe1 Rxf3 40. gxf3 Bxf3# 0-1

[Event "Fourmies op 35th"]
[Site "Fourmies"]
[Date "2011.06.11"]
[Round "1"]
[White "Ohayon, Benjamin"]
[Black "Lalic, Bogdan"]
[Result "0-1"]
[WhiteElo "1870"]
[BlackElo "2469"]
[PlyCount "38"]
[EventDate "2011.06.11"]
[EventType "swiss"]
[EventRounds "7"]
[EventCountry "FRA"]
[SourceTitle "CBM 142 Extra"]
[Source "ChessBase"]
[SourceDate "2011.06.27"]
[SourceVersion "1"]
[SourceVersionDate "2011.06.27"]
[SourceQuality "1"]

1. f4 d5 2. b3 Nf6 3. Bb2 g6 4. Nf3 Bg7 5. e3 0-0 6. Be2 c5 7. 0-0 Nc6 8. Ne5 Qc7 9. g4 b6 10. d4 cxd4 11. exd4 Bb7 12. Nd2 Rad8 13. c3 Nxe5 14. fxe5 Ne4 15. Nxe4 dxe4 16. g5 Bxe5 17. h4 Bh2+ 18. Kh1 Qg3 19. Ba3 Bg1 0-1